000 01358nam a2200265Ii 4500
003 JO-AjNU
005 20231209105154.0
008 230605s9999||||xx |||||||||||||| ||und||
040 _aJO-AjNU
_bara
_erda
_cJO-AjNU
041 _aara
050 _aHD2346.
_bJ6.M3553 2015
100 1 _aالملاح، روند خالد
_964700
_eمعد
245 0 _aالعوامل الحرجة لنجاح المشاريع المحتضنة في الاردن : دراسة ميدانية = Critical Success Factors for Incubated Projects in Jordan : A Field Study /
_cاعداد روند خالد الملاح؛ اشراف اياد عيسى السرطاوي
260 _aاربد :
_bجامعة اليرموك،
_c2015
300 _a83 ورقة
336 _atext
_btxt
_2rdacontent
337 _aunmediated
_bn
_2rdamedia
338 _avolume
_bnc
_2rdacarrier
500 _aرسالة جامعية (ماجستير) جامعة اليرموك (إربد، الأردن)، كلية الإقتصاد والعلوم الإدارية ؛ قسم المحاسبة، 2015.
501 _aتحتوي على ملاحق
504 _aتحتوي على مراجع باللغتين العربية والانجلزية
650 4 0 _aالمشاريع الصغيرة-تمويل-الاردن
_964708
700 1 _aالسرطاوي،اياد عيسى
_964709
_eمشرف
942 _2lcc
_cTHS
999 _c33033
_d33033